000 00300nam a2200121Ia 4500
008 240731s9999 xx 000 0 und d
022 _a2372-2800
245 4 _aThe Business School Journal
260 _bRoutledge
856 _uhttps://www.tandfonline.com/loi/vjeb18
942 _2ddc
942 _cTFEJ
999 _c79871
_d79871
945 _a1
_bMadushi Gamage
_c1
_dMadushi Gamage